| 000 | 00679nam a2200205Ia 4500 | ||
|---|---|---|---|
| 003 | GCL | ||
| 008 | 140319s9999 xx 000 0 ara d | ||
| 040 |
_aGCL / _cGCL |
||
| 082 | 0 | 4 |
_a840 _bم م |
| 100 | 1 | _aموليير | |
| 245 | 1 | 0 |
_aمريض الوهم : _bملهاة / _cموليير |
| 700 | 1 | _aيوسف محمد رضا | |
| 260 |
_aبيروت : _bدار الكتاب اللبنانى ، _c1981 |
||
| 300 |
_a216 ص ؛ _c18 سم |
||
| 490 |
_aروائع الادب الفرنسى الكلاكسيكى _v0 |
||
| 650 | 0 | 4 | _aالادب الفرنسى |
| 650 | 0 | 4 | _aالمسرحية الفرنسية |
| 650 | 0 | 4 | _aالادب الفرنسى المترجم |
| 942 |
_2ddc _cBK |
||
| 999 |
_c4688 _d4688 |
||